000 00965nam a2200241 i 4500
001 bg
100 1 _aSTUPNICKI, Wiesław
245 1 0 _aWytrzymałość betonu w jednoosiowym stanie obciążenia w świetle badań doświadczalnych /
_cWiesław Stupnicki ; przygot. do druku Władysław Ziobroń, Krzysztof Chudyba.
260 _aKraków :
_bPK,
_c1993.
300 _a137 s. :
_b3 fot., rys., wykr. ;
_c24 cm.
490 1 _aMonografia / Politechnika Krakowska im. Tadeusza Kościuszki,
_x0860-097X ;
_v157
504 _aBibliogr. s. 126-133. - Summ.
650 9 _aBeton
_xmechanika
_xbadanie
_xmetody
650 9 _aWytrzymałość materiałów
_xbadanie
_xmetody
700 1 _aZiobroń, Władysław.
_eRed.
700 1 _aChudyba, Krzysztof.
_eRed.
830 0 _aMonografia (Politechnika Krakowska im. Tadeusza Kościuszki) ;
_v157
040 _cBPK
041 0 _apl
_ben
080 _a666.97/.98:620.1
942 _cKS
008 s pl f |000 0 pol
999 _c30240
_d30240
856 _uhttp://koha.tu.koszalin.pl/cgi-bin/koha/opac-detail.pl?biblionumber=30240
_yKatalog online BPK